Informatika a výpočetní technika /

Uložené v:
Podrobná bibliografia
Hlavný autor: Zůna, Pavel (Autor)
Médium: Kniha
Jazyk:Czech
Vydavateľské údaje: Praha : Grada, 1993
Edícia:Educa '99
Tagy: Pridať tag
Žiadne tagy, Buďte prvý, kto otaguje tento záznam!

MARC

LEADER 00000nam a22000003a 4500
001 stu27768
005 20150617225737.3
008 950105s1993----cs------------------cze-d
020 |a 80-85623-63-3 
040 |a STU  |b slo 
041 0 |a cze 
044 |a cs 
080 |a 519.6 
080 |a 681.3 
100 1 |a Zůna, Pavel  |4 aut 
245 1 |a Informatika a výpočetní technika /  |c [aut]Zůna,Pavel 
260 |a Praha :  |b Grada,  |c 1993 
300 |a 174 s 
830 0 |a Educa '99 
996 |b 284V028207  |c V*42976/O-18484  |l VVT  |s A  |a 24  |w stu27768_0001